[Event "Reykjavik Open 2018"]
[Site "Reykjavik ISL"]
[Date "2018.03.13"]
[Round "8.64"]
[White "Jonsson, Pall G"]
[Black "Lunn, Matthew"]
[Result "0-1"]
[WhiteElo "1841"]
[BlackElo "2069"]
[WhiteFideId "2303205"]
[BlackFideId "405485"]
[EventDate "2018.03.06"]

1. Nf3 c5 2. c4 Nc6 3. Nc3 g6 4. b3 Bg7 5. Bb2 e5 6. Nd5 Nge7 7. e3 O-O 8. d3 d6
9. h3 f5 10. Qd2 a6 11. Be2 b5 12. Nc3 b4 13. Na4 f4 14. O-O-O fxe3 15. fxe3 Bh6
16. g4 Nd4 17. g5 Nxe2+ 18. Qxe2 Bg7 19. Rdf1 Nf5 20. Rfg1 Bd7 21. e4 Nd4 22.
Bxd4 cxd4 23. Nb2 Rf4 24. Rg3 Qf8 25. Rf1 Qf7 26. Nd2 Rxf1+ 27. Nxf1 Qf4+ 28.
Kd1 Rf8 29. Ke1 Rf7 30. Qg2 Bf8 31. Nd2 Be7 32. Ke2 Bxg5 33. Rxg5 Qe3+ 34. Kd1
Rf2 35. Qxf2 Qxf2 36. c5 Qf4 37. Rg1 dxc5 38. Rf1 Qg3 39. Rf6 Bb5 40. Kc2 Qxh3
41. Nbc4 Bxc4 42. Nxc4 Qg2+ 43. Kb1 h5 44. Rc6 h4 45. Nxe5 Qg1+ 46. Kc2 Qh2+ 47.
Kb1 Qxe5 48. Rxg6+ Kh7 49. Rg4 Qg3 0-1

[Event "Reykjavik Open 2018"]
[Site "Reykjavik ISL"]
[Date "2018.03.13"]
[Round "8.66"]
[White "Thorhallsson, Simon"]
[Black "Ilkov, Dani"]
[Result "1-0"]
[WhiteElo "2060"]
[BlackElo "1841"]
[WhiteFideId "2310090"]
[BlackFideId "2926849"]
[EventDate "2018.03.06"]

1. d4 d5 2. Nf3 Nf6 3. c4 e6 4. g3 Be7 5. Bg2 O-O 6. O-O b6 7. cxd5 Nxd5 8. a3
Bb7 9. Qc2 Nd7 10. Rd1 Qc8 11. e4 N5f6 12. Nc3 c5 13. d5 exd5 14. exd5 Re8 15.
Ng5 h6 16. Nge4 Nxe4 17. Nxe4 Bf8 18. Bf4 Ne5 19. d6 Qd7 20. b4 f5 21. Bxe5 Rxe5
22. Qc4+ Kh8 23. Nc3 Bxg2 24. Kxg2 Bxd6 25. b5 Qb7+ 26. Kg1 Bf8 27. Nd5 Rd8 28.
Nf4 Rxd1+ 29. Rxd1 Kh7 30. Qd3 Qe7 31. Ng2 g6 32. h4 Re6 33. h5 Rd6 34. hxg6+
Kh8 35. Qc2 Qe4 36. Qc1 Rxd1+ 37. Qxd1 Qd4 38. Qxd4+ cxd4 39. a4 Kg7 40. Nf4 Kf6
41. Kf1 Bd6 42. g7 Kxg7 43. Ne6+ Kf6 44. Nxd4 Ke5 45. Nc6+ Kd5 46. Nxa7 Kc4 47.
Nc6 Bc5 48. Ke2 Kb3 49. a5 bxa5 50. Nxa5+ Kb4 51. Nc6+ Kxb5 52. Ne5 h5 53. Ng6
Bd6 54. Kf3 Kc6 55. Nh4 Kd5 56. Nxf5 Be5 57. Nh4 Kd4 58. Ng6 Bf6 59. Nf4 h4 60.
g4 Ke5 61. Nh3 Bd8 62. Ke3 Bb6+ 63. Kd3 Bxf2 64. Nxf2 Kf4 65. Ke2 h3 66. Kf1 1-0

[Event "Reykjavik Open 2018"]
[Site "Reykjavik ISL"]
[Date "2018.03.13"]
[Round "8.67"]
[White "Jonsson, Olafur Gisli"]
[Black "Thorsteinsson, Erlingur"]
[Result "0-1"]
[WhiteElo "1822"]
[BlackElo "2056"]
[WhiteFideId "2302705"]
[BlackFideId "2301091"]
[EventDate "2018.03.06"]

1. e4 c6 2. d4 d5 3. e5 Na6 4. Nf3 Bf5 5. c3 Nc7 6. Be2 e6 7. O-O Be7 8. Be3 h6
9. Qd2 g5 10. Na3 Bxa3 11. bxa3 Qe7 12. Ne1 Qxa3 13. Nd3 Ne7 14. g4 Bg6 15. f4
gxf4 16. Nxf4 Be4 17. Bd3 O-O-O 18. Nh5 Rdg8 19. h3 Nf5 20. Bxe4 dxe4 21. Kh1
Nxe3 22. Qxe3 Nd5 23. Qxe4 Qxc3 24. Kh2 Rd8 25. Rac1 Qd2+ 26. Kh1 Rd7 27. Rc2
Qe3 28. Qf3 Qxd4 29. Nf6 Nxf6 30. exf6 Rd5 31. Re2 h5 32. Re4 hxg4 33. Rxg4 Qd3
34. Qxd3 Rxd3 35. Rg7 Rd2 36. Rxf7 Rxh3+ 37. Kg1 Rg3+ 38. Kh1 Rd8 39. Rf2 Rh8+
40. Rh2 Rxh2+ 41. Kxh2 Rf3 42. Kg2 Rf5 43. Kg3 c5 44. Rf8+ Kc7 45. f7 c4 46. Re8
Rxf7 47. Rxe6 Rd7 48. Re4 b5 49. Kf4 Kc6 0-1

[Event "Reykjavik Open 2018"]
[Site "Reykjavik ISL"]
[Date "2018.03.13"]
[Round "8.68"]
[White "Yu, Henry"]
[Black "Hansen, Ib Lynaes"]
[Result "1-0"]
[WhiteElo "2051"]
[BlackElo "1822"]
[WhiteFideId "30942683"]
[BlackFideId "1407511"]
[EventDate "2018.03.06"]

1. d4 f5 2. Nh3 e6 3. g3 Nf6 4. Bg2 Bb4+ 5. c3 Be7 6. O-O d5 7. c4 O-O 8. b3 a5
9. Nc3 Na6 10. Nf4 c6 11. Bb2 Rb8 12. c5 Ne4 13. Nd3 Bf6 14. Na4 Bd7 15. f3 Ng5
16. Bc3 Nf7 17. Qd2 g5 18. e3 Qe7 19. Rae1 e5 20. dxe5 Nxe5 21. Nxe5 Bxe5 22.
Bxe5 Qxe5 23. Qxa5 g4 24. Qd2 Rbe8 25. b4 h5 26. a3 Re7 27. Nb2 Rh7 28. Nd3 Qc7
29. Nf4 b5 30. Qd4 Kf7 31. e4 gxf3 32. Bxf3 h4 33. exd5 hxg3 34. hxg3 Rfh8 35.
d6 Qd8 36. Re7+ Kg8 37. Qf6 Qf8 38. Qxf8+ Kxf8 39. Ng6+ Kg8 40. Nxh8 Kxh8 41.
Rxh7+ Kxh7 42. Re1 1-0

[Event "Reykjavik Open 2018"]
[Site "Reykjavik ISL"]
[Date "2018.03.13"]
[Round "8.69"]
[White "Danielsson, Sigurdur"]
[Black "Diaz, Franck"]
[Result "1/2-1/2"]
[WhiteElo "1791"]
[BlackElo "2050"]
[WhiteFideId "2301792"]
[BlackFideId "639125"]
[EventDate "2018.03.06"]

1. e4 e5 2. Nf3 Nc6 3. c3 f5 4. exf5 e4 5. Nd4 Qf6 6. Nxc6 dxc6 7. Bc4 Bd6 8.
Bxg8 Rxg8 9. Qh5+ Kf8 10. g4 g6 11. Qh6+ Qg7 12. Qxg7+ Kxg7 13. fxg6 hxg6 14. h3
Rh8 15. d3 Bxg4 16. Be3 Rxh3 17. Rxh3 Bxh3 18. dxe4 Re8 19. Nd2 Be6 20. f3 a5
21. b3 Kf7 22. O-O-O Rh8 23. Kb2 Rh2 24. Kc2 c5 25. Kd3 Rg2 26. c4 g5 27. Rg1
Rxg1 28. Bxg1 g4 29. fxg4 Bxg4 30. Be3 b6 31. Nb1 Ke6 32. Nc3 c6 33. Bh6 Bh3 34.
Ke3 Be5 35. Ne2 Bg4 36. Nf4+ Kf6 37. Nd3 Bd4+ 38. Kd2 Bf3 39. Bf4 Bxe4 40. Bc7
b5 41. Bxa5 Ke6 42. Bb6 Kd6 43. b4 bxc4 44. Bxc5+ Kd5 45. Bxd4 cxd3 46. Bc5 Kc4
47. a4 Bf5 48. a5 Bc8 49. Be7 1/2-1/2

[Event "Reykjavik Open 2018"]
[Site "Reykjavik ISL"]
[Date "2018.03.13"]
[Round "8.70"]
[White "Flynn, Jacob"]
[Black "Kumar, Naman"]
[Result "0-1"]
[WhiteElo "1710"]
[BlackElo "2045"]
[WhiteFideId "2509393"]
[BlackFideId "30908922"]
[EventDate "2018.03.06"]

1. d4 Nf6 2. Nf3 g6 3. b3 Bg7 4. Bb2 O-O 5. e3 d6 6. Nbd2 Nbd7 7. c4 e5 8. Bd3
Re8 9. Qc2 exd4 10. Bxd4 Ne5 11. Nxe5 dxe5 12. Bb2 e4 13. Be2 Qe7 14. h4 Bg4 15.
Bxg4 Nxg4 16. Bxg7 Kxg7 17. Qc3+ Kg8 18. h5 Rad8 19. h6 f5 20. c5 Ne5 21. Kf1
Rd3 22. Qc2 Red8 23. Rd1 R8d5 24. b4 Qd7 25. Ke1 Qb5 26. Qb2 Rxe3+ 0-1

[Event "Reykjavik Open 2018"]
[Site "Reykjavik ISL"]
[Date "2018.03.13"]
[Round "8.71"]
[White "Vignisson, Ingvar Egill"]
[Black "Thorsteinsdottir, Hallgerdur"]
[Result "1/2-1/2"]
[BlackTitle "WFM"]
[WhiteElo "1656"]
[BlackElo "2041"]
[WhiteFideId "2309270"]
[BlackFideId "2302454"]
[EventDate "2018.03.06"]

1. e4 c6 2. d4 d5 3. Nc3 dxe4 4. Nxe4 Nd7 5. Nf3 Ngf6 6. Nxf6+ Nxf6 7. Bg5 Bg4
8. Be2 e6 9. O-O Be7 10. c3 O-O 11. Ne5 Bxe2 12. Qxe2 h6 13. Bxf6 Bxf6 14. Rfe1
Qd5 15. Qe4 Rfd8 16. Qxd5 cxd5 17. Nd3 a5 18. a4 Rab8 19. Ra2 Kf8 20. Kf1 Ke7
21. f4 g6 22. Kf2 Rdc8 23. Kf3 h5 24. f5 Bg5 25. fxe6 fxe6 26. g3 Rf8+ 27. Kg2
Rf6 28. Re2 h4 29. Ra1 Rh8 30. h3 hxg3 31. Kxg3 Bh4+ 32. Kg2 Rhf8 33. Ne5 Rf2+
34. Rxf2 Rxf2+ 35. Kg1 Rf6 36. Rf1 Rxf1+ 37. Kxf1 Kf6 38. b4 axb4 39. cxb4 Bg3
40. Nd7+ Ke7 41. Nc5 b6 42. Nd3 Bc7 43. Ke2 Kf6 44. Kf3 Kf5 45. Ne1 Kg5 46. Nc2
Bd6 47. a5 bxa5 48. bxa5 Bc7 49. a6 Bb6 50. Nb4 Bxd4 51. Nc6 Bc5 52. a7 Bxa7 53.
Nxa7 Kh4 54. Kg2 g5 55. Nc6 g4 56. hxg4 Kxg4 57. Kf2 Kf4 58. Ke2 Ke4 59. Kd2 d4
60. Nd8 e5 61. Nc6 Kd5 62. Nxe5 Kxe5 63. Kd3 Kd5 64. Kd2 Kc4 65. Kc2 d3+ 66. Kd2
Kd4 67. Kd1 Ke4 68. Kd2 Kd4 69. Kd1 Kc3 70. Kc1 d2+ 71. Kd1 Kd3 1/2-1/2

[Event "Reykjavik Open 2018"]
[Site "Reykjavik ISL"]
[Date "2018.03.13"]
[Round "8.72"]
[White "Marentini, Marcel"]
[Black "Kvendseth, Thyra"]
[Result "0-1"]
[WhiteElo "2024"]
[BlackElo "1757"]
[WhiteFideId "1318730"]
[BlackFideId "1520628"]
[EventDate "2018.03.06"]

1. Nf3 Nf6 2. c4 c5 3. Nc3 g6 4. d4 cxd4 5. Nxd4 Bg7 6. e4 d6 7. Be2 O-O 8. O-O
Nbd7 9. Be3 Nc5 10. f3 Ne6 11. Nc2 b6 12. Qd2 Bb7 13. Rac1 Rc8 14. b3 Nc5 15.
Nb4 Nfd7 16. Nbd5 Ne5 17. f4 Nc6 18. b4 Bxc3 19. Nxc3 Nxb4 20. f5 f6 21. fxg6
hxg6 22. Bg4 Rc6 23. Bxc5 dxc5 24. Qh6 f5 25. Rcd1 Qe8 26. Bf3 Rd6 27. exf5 Bxf3
28. Rxf3 Rxf5 29. Rg3 Rxd1+ 30. Nxd1 Rf6 31. Rh3 Kf7 32. Qh7+ Ke6 33. Re3+ Kd6
34. Nc3 Kd7 35. Ne4 Rf5 36. Qh3 e6 37. Qg3 Qf8 38. Nd2 Qf6 39. h3 Qd4 40. Nb3
Qxc4 41. Qxg6 Rf1+ 42. Kh2 Qf4+ 43. Rg3 Nd5 44. Qh7+ Ne7 45. Nd2 Rd1 46. Ne4 c4
47. Ng5 c3 48. Nf3 Qd6 49. Nh4 Qc5 50. Rg7 c2 51. Ng6 Qd6+ 0-1

[Event "Reykjavik Open 2018"]
[Site "Reykjavik ISL"]
[Date "2018.03.13"]
[Round "8.73"]
[White "Brunello, Marina"]
[Black "Densing, Gerd"]
[Result "1-0"]
[WhiteTitle "FM"]
[WhiteElo "2367"]
[BlackElo "1831"]
[WhiteFideId "822590"]
[BlackFideId "24621013"]
[EventDate "2018.03.06"]

1. e4 e6 2. d4 d5 3. Nd2 h6 4. Bd3 c5 5. dxc5 Bxc5 6. Qg4 Qf6 7. Ngf3 Nc6 8. Qg3
Bd4 9. Nxd4 Nxd4 10. f4 h5 11. c3 Nc6 12. e5 h4 13. Qg4 Nh6 14. exf6 Nxg4 15.
fxg7 Rg8 16. h3 Nf6 17. Nf3 Rxg7 18. Kf2 Bd7 19. Nxh4 O-O-O 20. Be3 Ne4+ 21.
Bxe4 dxe4 22. g4 Rh8 23. Ng2 f5 24. g5 Rh5 25. h4 b6 26. b4 Ne7 27. Bd4 Rg8 28.
c4 Bc6 29. Ke3 Kb7 30. b5 Bd7 31. Bf6 Bxb5 32. Bxe7 Bxc4 33. Rhc1 b5 34. Bf6 Rc8
35. Rd1 Bd3 36. Rac1 1-0

[Event "Reykjavik Open 2018"]
[Site "Reykjavik ISL"]
[Date "2018.03.13"]
[Round "8.74"]
[White "Chan, Daniel"]
[Black "Edvardsson, Kristjan"]
[Result "0-1"]
[WhiteElo "1816"]
[BlackElo "2217"]
[WhiteFideId "142050"]
[BlackFideId "2300893"]
[EventDate "2018.03.06"]

1. d4 Nf6 2. Bf4 g6 3. e3 Bg7 4. Nf3 d6 5. h3 O-O 6. Be2 b6 7. O-O Bb7 8. c4
Nbd7 9. Nc3 Re8 10. Bh2 e5 11. Qc2 exd4 12. Nxd4 Ne5 13. Rad1 Nfd7 14. f4 Nc6
15. Nxc6 Bxc6 16. e4 Bxc3 17. Qxc3 Bxe4 18. Bf3 f5 19. Bg3 Qf6 20. Qa3 Bxf3 21.
Qxf3 Re4 22. Be1 Rae8 23. Bc3 Qf7 24. g4 Re3 25. Qg2 Nc5 26. Bd4 Re2 27. Qf3
R8e4 28. Bxc5 bxc5 29. b3 R4e3 30. Qa8+ Kg7 31. Rf3 fxg4 32. hxg4 Qe6 33. f5 Qe5 0-1

[Event "Reykjavik Open 2018"]
[Site "Reykjavik ISL"]
[Date "2018.03.13"]
[Round "8.75"]
[White "Coffman, Charles Z"]
[Black "Seyb, Dieter"]
[Result "0-1"]
[BlackTitle "FM"]
[WhiteElo "1814"]
[BlackElo "2192"]
[WhiteFideId "2091933"]
[BlackFideId "4603346"]
[EventDate "2018.03.06"]

1. e4 c5 2. Nf3 Nc6 3. d4 cxd4 4. Nxd4 e5 5. Nb5 a6 6. Nd6+ Bxd6 7. Qxd6 Qf6 8.
Qd1 Qg6 9. Nc3 d5 10. Nxd5 Qxe4+ 11. Ne3 Nf6 12. Be2 O-O 13. Bf3 Qb4+ 14. c3 Qe7
15. O-O e4 16. Be2 Be6 17. f3 Rfd8 18. Qe1 exf3 19. Bxf3 Ne5 20. Be2 Nd3 21.
Bxd3 Rxd3 22. Nf5 Qc5+ 23. Nd4 Re8 24. Qh4 Bc4 25. Bg5 Nd7 26. Rfe1 Ne5 27. Bf4
f6 28. Qf2 Bf7 29. h3 Qd5 30. Qc2 Bg6 31. Qb3 Qxb3 32. axb3 Bf7 33. Kf2 Rxd4 34.
Bxe5 Rd2+ 35. Ke3 Rxb2 36. Kd3 Rxe5 37. Rxe5 fxe5 38. b4 Rxg2 39. Re1 0-1

[Event "Reykjavik Open 2018"]
[Site "Reykjavik ISL"]
[Date "2018.03.13"]
[Round "8.76"]
[White "Ebner, Johann"]
[Black "Bjarnason, Olafur"]
[Result "0-1"]
[WhiteElo "2070"]
[BlackElo "1826"]
[WhiteFideId "1603957"]
[BlackFideId "2316501"]
[EventDate "2018.03.06"]

1. d4 d5 2. c4 c6 3. cxd5 cxd5 4. Nf3 Nf6 5. Nc3 e6 6. Bf4 a6 7. e3 Nc6 8. Bd3
Bd6 9. Bg3 b5 10. O-O Bxg3 11. hxg3 O-O 12. a3 Qd6 13. Re1 Ra7 14. Rc1 Re7 15.
Qe2 Bb7 16. Rcd1 h6 17. b4 Rc8 18. Qd2 Qc7 19. Rc1 Qb6 20. Qb2 Ne8 21. Ne5 Nd6
22. Nxc6 Bxc6 23. Nb1 Nc4 24. Bxc4 dxc4 25. Nc3 Qb7 26. f3 e5 27. dxe5 Rxe5 28.
Qf2 a5 29. Qb2 axb4 30. axb4 Rce8 31. Qf2 Qe7 32. Qb2 Rxe3 33. Rf1 Qd6 34. g4
Qd4 0-1

[Event "Reykjavik Open 2018"]
[Site "Reykjavik ISL"]
[Date "2018.03.13"]
[Round "8.77"]
[White "Meier, Gerd"]
[Black "Larson, Gerald"]
[Result "0-1"]
[WhiteElo "1804"]
[BlackElo "2065"]
[WhiteFideId "4682971"]
[BlackFideId "2018756"]
[EventDate "2018.03.06"]

1. e4 c5 2. Nf3 Nc6 3. d4 cxd4 4. Nxd4 g6 5. Be3 Bg7 6. Nc3 Nf6 7. f3 O-O 8. Qd2
d5 9. exd5 Nxd5 10. Nxc6 bxc6 11. Nxd5 cxd5 12. O-O-O Be6 13. Bd4 f6 14. Kb1 Qd7
15. f4 Bf5 16. Bd3 Bxd3 17. Qxd3 e5 18. Be3 Rfd8 19. fxe5 fxe5 20. Bg5 e4 21.
Qd2 Qb7 22. c3 Rd7 23. Be3 Rb8 24. Ka1 Qb5 25. Rb1 Qa5 26. Bd4 Rd6 27. b4 Qc7
28. Bxg7 Qxg7 29. Rhd1 d4 30. cxd4 Rbd8 31. Qb2 Rxd4 32. Rxd4 Rxd4 33. Rc1 h5
34. Qc3 Rxb4 35. Qxg7+ Kxg7 36. Rc7+ Kf6 37. Rxa7 e3 38. Rc7 0-1

[Event "Reykjavik Open 2018"]
[Site "Reykjavik ISL"]
[Date "2018.03.13"]
[Round "8.78"]
[White "Sigurthorsson, Kristinn J"]
[Black "Mortensen, Rogvi"]
[Result "0-1"]
[WhiteElo "1744"]
[BlackElo "2018"]
[WhiteFideId "2311585"]
[BlackFideId "7202369"]
[EventDate "2018.03.06"]

1. e4 c5 2. Nc3 e6 3. Bc4 Nc6 4. d3 Nf6 5. f4 d5 6. exd5 exd5 7. Bb5 Be7 8.
Bxc6+ bxc6 9. Nf3 O-O 10. O-O Bd6 11. Ne5 Qc7 12. Qe1 Re8 13. Qg3 Rb8 14. a3 Nd7
15. Nxd7 Bxd7 16. Bd2 Rxb2 17. Nxd5 cxd5 18. Bc3 d4 19. Bxb2 Re2 20. Rae1 Rxc2
21. Bc1 Bb5 22. Qg4 Bc6 23. Re2 f5 24. Re8+ Bxe8 25. Qxf5 Qc6 26. Qg4 Qd5 27.
Re1 Bc6 28. Re4 Rxc1+ 29. Kf2 h6 30. Qg6 Bf8 31. f5 Qa2+ 32. Re2 Rc2 33. Rxc2
Qxc2+ 34. Kf1 0-1

[Event "Reykjavik Open 2018"]
[Site "Reykjavik ISL"]
[Date "2018.03.13"]
[Round "8.79"]
[White "Runarsson, Gunnar"]
[Black "Alderson, John K A"]
[Result "1/2-1/2"]
[WhiteElo "1993"]
[BlackElo "1824"]
[WhiteFideId "2301768"]
[BlackFideId "422711"]
[EventDate "2018.03.06"]

1. d4 d5 2. e4 e6 3. exd5 exd5 4. c4 Nf6 5. Nc3 Be7 6. Nf3 O-O 7. cxd5 Nxd5 8.
Be2 c6 9. Qb3 Nb6 10. O-O Be6 11. Qc2 N8d7 12. Be3 h6 13. Rad1 Nf6 14. Ne5 Nbd5
15. Bc1 Qc8 16. a3 c5 17. Nxd5 Bxd5 18. Qd3 cxd4 19. Qxd4 Rd8 20. Qe3 Qe6 21.
Kh1 Ne4 22. Nd3 Nc5 23. Nxc5 Bxc5 24. Qxc5 Qxe2 25. Rde1 Bxg2+ 26. Kxg2 Qg4+ 27.
Kh1 Qf3+ 28. Kg1 Qg4+ 29. Kh1 Qf3+ 30. Kg1 Qg4+ 1/2-1/2

[Event "Reykjavik Open 2018"]
[Site "Reykjavik ISL"]
[Date "2018.03.13"]
[Round "8.80"]
[White "Baldvinsson, Loftur"]
[Black "Berg, Margar M."]
[Result "0-1"]
[WhiteElo "1977"]
[BlackElo "1811"]
[WhiteFideId "2301261"]
[BlackFideId "7200021"]
[EventDate "2018.03.06"]

1. e4 c5 2. Nf3 d6 3. d4 cxd4 4. Nxd4 Nf6 5. Nc3 a6 6. Be3 e5 7. Nde2 Be6 8. f4
Nbd7 9. f5 Bc4 10. Ng3 Rc8 11. Bxc4 Rxc4 12. Qd3 b5 13. a4 Nc5 14. Bxc5 dxc5 15.
Qxd8+ Kxd8 16. axb5 axb5 17. Ra8+ Kd7 18. O-O b4 19. Na4 Rxc2 20. Rd1+ Kc6 21.
b3 c4 22. Rc8+ Kb7 23. Rdd8 Nd7 24. Rxc4 Rxc4 25. bxc4 Nb6 26. Kf1 Nxa4 27. Rd7+
Kc6 28. Rd8 b3 29. Ne2 b2 30. Rb8 Nb6 31. Nc3 Bb4 0-1

[Event "Reykjavik Open 2018"]
[Site "Reykjavik ISL"]
[Date "2018.03.13"]
[Round "8.81"]
[White "Murray, Michael A."]
[Black "Halldorsson, Hjorleifur"]
[Result "1/2-1/2"]
[WhiteElo "1975"]
[BlackElo "1792"]
[WhiteFideId "2609126"]
[BlackFideId "2303647"]
[EventDate "2018.03.06"]

1. d4 Nf6 2. Nc3 d5 3. Bf4 e6 4. e3 Bd6 5. Bd3 Bxf4 6. exf4 Qd6 7. Qd2 b6 8. Nf3
Ba6 9. Ne5 Bxd3 10. Qxd3 O-O 11. g4 Rc8 12. g5 Ne8 13. Rg1 c5 14. Nb5 Qe7 15. c3
a6 16. Na3 cxd4 17. Qxd4 Nc6 18. Nxc6 Rxc6 19. O-O-O Nd6 20. Rge1 Qc7 21. Rd3
Nf5 22. Qe5 Qxe5 23. fxe5 Rac8 24. Kb1 Kf8 25. Nc2 Rc4 26. Nd4 Nxd4 27. Rxd4
Rxd4 28. cxd4 Rc4 29. Rd1 Ke7 30. Rd3 Kf8 1/2-1/2

[Event "Reykjavik Open 2018"]
[Site "Reykjavik ISL"]
[Date "2018.03.13"]
[Round "8.82"]
[White "Fjallheim, Leif Reinert"]
[Black "Haraldsson, Haraldur"]
[Result "1-0"]
[WhiteElo "1737"]
[BlackElo "1963"]
[WhiteFideId "7201788"]
[BlackFideId "2311100"]
[EventDate "2018.03.06"]

1. e4 e5 2. Nf3 Nc6 3. Bc4 Bc5 4. d3 Nf6 5. Nc3 h6 6. h3 O-O 7. g4 Be7 8. Be3 d6
9. a3 Be6 10. Nd5 Bxd5 11. exd5 Nb8 12. g5 hxg5 13. Nxg5 Nbd7 14. Qf3 Nh7 15. h4
Ndf6 16. O-O-O Qd7 17. Rdg1 b5 18. Bb3 a5 19. Qg2 Ne8 20. Rh3 a4 21. Ba2 Bf6 22.
Ne4 Bd8 23. Bh6 f5 24. Rg3 Rf7 25. Nc5 Qe7 26. Ne6 Kh8 27. Nxg7 1-0

[Event "Reykjavik Open 2018"]
[Site "Reykjavik ISL"]
[Date "2018.03.13"]
[Round "8.83"]
[White "Carroll, Peter"]
[Black "Green, Per"]
[Result "1/2-1/2"]
[WhiteElo "1733"]
[BlackElo "1961"]
[WhiteFideId "2510243"]
[BlackFideId "1703811"]
[EventDate "2018.03.06"]

1. e4 e6 2. d4 d5 3. Nc3 Bb4 4. e5 b6 5. a3 Bf8 6. f4 Ne7 7. Be3 Nf5 8. Bf2 Ba6
9. Bxa6 Nxa6 10. Nf3 h5 11. Ne2 c6 12. Ng3 Nxg3 13. Bxg3 Be7 14. Bf2 Nc7 15. Qd3
g6 16. h3 Kf8 17. O-O-O h4 18. g4 hxg3 19. Bxg3 c5 20. h4 Rh5 21. Ng5 Rc8 22.
Bf2 c4 23. Qf3 b5 24. Rdg1 Qd7 25. Qxh5 gxh5 26. Nh7+ Ke8 27. Rg8+ Bf8 28. Nf6+
Ke7 29. Nxd7 Kxd7 30. Rh8 c3 31. Rxh5 b4 32. axb4 Bxb4 33. b3 Nb5 34. Rh7 Rc6
35. Rg1 Ra6 36. Kd1 Na3 37. Rxf7+ Kc6 38. Rgg7 Nb5 39. h5 Ra1+ 40. Ke2 Rc1 41.
h6 Rxc2+ 42. Kf3 Rc1 43. Rg1 Rxg1 44. Bxg1 c2 45. Be3 Nxd4+ 46. Kf2 Nxb3 47. h7
Bc5 48. h8=Q Bxe3+ 49. Kf3 c1=Q 50. Qe8+ Kb6 51. Qxe6+ Ka5 52. Qxd5+ Nc5 53.
Qa2+ Kb4 54. Qxa7 Bg1 55. Rb7+ Nxb7 56. Qxb7+ Ka5 57. Qd5+ Ka6 58. e6 Bb6 59.
Qa2+ Kb7 60. Qd5+ Ka6 61. Qd3+ Ka5 62. e7 Qc6+ 63. Qe4 Qe8 64. Qf5+ Ka6 65. Qf8
Qc6+ 1/2-1/2

[Event "Reykjavik Open 2018"]
[Site "Reykjavik ISL"]
[Date "2018.03.13"]
[Round "8.84"]
[White "Van den Bersselaar, Henri"]
[Black "Moran, Darragh"]
[Result "0-1"]
[WhiteElo "1956"]
[BlackElo "1755"]
[WhiteFideId "1022032"]
[BlackFideId "2510294"]
[EventDate "2018.03.06"]

1. d4 Nf6 2. Nf3 d5 3. Bf4 c5 4. c3 Qb6 5. Qb3 c4 6. Qxb6 axb6 7. Na3 Bd7 8. Nc2
e6 9. a3 Ba4 10. Rc1 Bxc2 11. Rxc2 Be7 12. g3 Ne4 13. Bg2 Nd7 14. O-O O-O 15.
Nd2 f5 16. f3 Nxd2 17. Bxd2 b5 18. Re1 Rae8 19. Bf4 Kf7 20. e4 g5 21. Be5 Nxe5
22. dxe5 dxe4 23. fxe4 Bc5+ 24. Kh1 f4 25. Rd2 Ke7 26. Red1 Rd8 27. Bh3 Rxd2 28.
Rxd2 fxg3 29. hxg3 Rf2 30. Rxf2 Bxf2 31. Kg2 Be3 32. Bg4 Bc1 33. Bd1 Bxb2 34. a4
Bxc3 35. axb5 Bxe5 36. g4 Kd6 37. Kf3 Kc5 38. b6 Kxb6 39. Ba4 Bd4 40. Bd7 e5 41.
Ke2 Kc5 0-1

[Event "Reykjavik Open 2018"]
[Site "Reykjavik ISL"]
[Date "2018.03.13"]
[Round "8.85"]
[White "Johannesson, Haki"]
[Black "Gudmundsson, Bjorgvin S"]
[Result "0-1"]
[WhiteElo "1696"]
[BlackElo "1949"]
[WhiteFideId "2304694"]
[BlackFideId "2310520"]
[EventDate "2018.03.06"]

1. e4 c6 2. Nf3 d5 3. exd5 cxd5 4. Bb5+ Nc6 5. Ne5 Qb6 6. Qf3 Nf6 7. Qb3 Qc7 8.
Qc3 Bd7 9. Nxd7 Qxd7 10. Bxc6 bxc6 11. d4 e6 12. O-O Bd6 13. Nd2 O-O 14. Nb3 Qc7
15. h3 e5 16. dxe5 Bxe5 17. Qd3 h6 18. Nd2 Rab8 19. Rb1 Rfe8 20. Nf3 Bd6 21. c4
Rbd8 22. b4 dxc4 23. Qxc4 Re4 24. Qc3 Nd5 25. Qc2 Rxb4 26. Rxb4 Nxb4 27. Qc4 c5
28. Kh1 Qa5 29. a3 Qa6 30. Qxa6 Nxa6 31. Rd1 Be7 32. Rxd8+ Bxd8 33. Ne5 Nb8 34.
Kg1 f6 35. Nc4 Bc7 36. Kf1 Kf7 37. Ke2 Ke6 38. Kd3 Nd7 39. Be3 Kd5 40. Nd2 Ne5+
41. Kc2 Nc4 42. Nxc4 Kxc4 43. f4 f5 44. Bd2 Bd8 45. g4 g6 46. Bc3 Bc7 47. Bd2
Kd4 48. Bc3+ Ke4 49. gxf5 gxf5 0-1

[Event "Reykjavik Open 2018"]
[Site "Reykjavik ISL"]
[Date "2018.03.13"]
[Round "8.86"]
[White "Jonsson, Sveinbjorn"]
[Black "Meyer, Juergen"]
[Result "0-1"]
[WhiteElo "1682"]
[BlackElo "1926"]
[WhiteFideId "2303248"]
[BlackFideId "24661759"]
[EventDate "2018.03.06"]

1. c4 f5 2. Nc3 Nf6 3. e3 d6 4. d4 g6 5. g3 Bg7 6. Bg2 O-O 7. Nge2 c6 8. O-O e5
9. Qb3 Qb6 10. Nb5 Qd8 11. c5+ d5 12. Nd6 Nbd7 13. Qc3 Ne4 14. Bxe4 fxe4 15. b4
Qe7 16. Qb3 Kh8 17. Bb2 Nf6 18. Nxc8 Raxc8 19. dxe5 Nd7 20. e6 Ne5 21. Bxe5 Bxe5
22. Nd4 Bxd4 23. exd4 Rf3 24. Qb2 Qxe6 25. Kg2 Rcf8 26. Rh1 Rxf2+ 27. Qxf2 Rxf2+
28. Kxf2 Qf6+ 29. Kg2 Qxd4 30. Raf1 e3 31. Rf8+ Kg7 32. Rhf1 Qd2+ 33. Kh3 e2 34.
R1f7+ Kh6 35. Rh8 e1=Q 36. Rhxh7+ Kg5 0-1

[Event "Reykjavik Open 2018"]
[Site "Reykjavik ISL"]
[Date "2018.03.13"]
[Round "8.87"]
[White "Steingrimsson, Karl Egill"]
[Black "Valtysson, Thor"]
[Result "0-1"]
[WhiteElo "1659"]
[BlackElo "1922"]
[WhiteFideId "2304791"]
[BlackFideId "2301903"]
[EventDate "2018.03.06"]

1. d4 d5 2. Nf3 Nf6 3. e3 c6 4. Bd3 Bg4 5. h3 Bh5 6. c3 Nbd7 7. Nbd2 Qc7 8. Qb3
O-O-O 9. Qa4 Kb8 10. b4 e5 11. dxe5 Nxe5 12. Nxe5 Qxe5 13. Qb3 Ne4 14. b5 Nc5
15. Qc2 Nxd3+ 16. Qxd3 Bg6 17. Qd4 Qxd4 18. cxd4 cxb5 19. O-O Bb4 20. a3 Bc3 21.
Ra2 Rc8 22. f3 Rhe8 23. Kf2 Re7 24. Rd1 Bd3 25. Rg1 Rce8 26. Nb3 b6 27. Kg3 a5
28. Rf2 a4 29. Nd2 b4 30. axb4 Bxb4 31. e4 dxe4 32. fxe4 f6 33. Nf3 Rxe4 34.
Bf4+ Rxf4 35. Kxf4 Bd6+ 0-1